Southville International School and Colleges
Your cart is empty.
  • Cart
  • Lists
    Public lists Eva Luna New books Lux_list list_1
    Your lists Log in to create your own lists
  • Log in to your account
  • Your cookies
  • Search history
Southville International School and Colleges
  • Advanced search
  • Recent comments
  • Most popular
  • Libraries

Log in to your account

Log in with GOOGLE


If you do not have an external account, but do have a local account, you can still log in:

  1. Home
  2. MARC view: Winning secrets :
Normal view MARC view ISBD view

Winning secrets : (Record no. 10029)

[ view plain ]
MARC details
000 -LEADER
fixed length control field 00510nam a22001697a 4500
003 - CONTROL NUMBER IDENTIFIER
control field OSt
005 - DATE AND TIME OF LATEST TRANSACTION
control field 20140310182152.0
008 - FIXED-LENGTH DATA ELEMENTS--GENERAL INFORMATION
fixed length control field 130830t xxu||||| |||| 00| 0 eng d
050 ## - LIBRARY OF CONGRESS CALL NUMBER
Classification number DK 275
Item number .P294 1989
082 ## - DEWEY DECIMAL CLASSIFICATION NUMBER
Classification number HS 796.092
Item number Pa27 1989
100 ## - MAIN ENTRY--PERSONAL NAME
Personal name Pataki, Ladislav
9 (RLIN) 15813
245 ## - TITLE STATEMENT
Title Winning secrets :
Statement of responsibility, etc Dr. Ladislav Pataki
Remainder of title confessions of a soviet bloc sports scientists /
260 ## - PUBLICATION, DISTRIBUTION, ETC. (IMPRINT)
Place of publication, distribution, etc United State:
Name of publisher, distributor, etc lee holden,
Date of publication, distribution, etc c1989.
300 ## - PHYSICAL DESCRIPTION
Extent 175 p. :
Other physical details ill. ;
Dimensions 22 cm.
942 ## - ADDED ENTRY ELEMENTS (KOHA)
Source of classification or shelving scheme Library of Congress Classification
Koha item type
Holdings
Withdrawn status Lost status Source of classification or shelving scheme Damaged status Home library Current library Shelving location Date acquired Total Checkouts Full call number Barcode Date last seen Copy number Price effective from Koha item type
    Library of Congress Classification   Luxembourg Library Luxembourg Library High School Section 08/30/2013   DK 275 .P294 1989 9899 05/25/2015 1 08/30/2013 Books

Winning secrets :

APA

Pataki L., . (1989). Winning secrets. United State: lee holden.

Chicago

Pataki Ladislav, . 1989. Winning secrets. United State: lee holden.

Harvard

Pataki L., . (1989). Winning secrets. United State: lee holden.

MLA

Pataki Ladislav, . Winning secrets. United State: lee holden. 1989.

  • Place hold
  • Print
  • Cite
  • Add to your cart (remove)
  • Save record
    BIBTEX Dublin Core MARCXML MARC (non-Unicode/MARC-8) MARC (Unicode/UTF-8) MARC (Unicode/UTF-8, Standard) MODS (XML) RIS
  • More searches
    Search for this title in:
    Other Libraries (WorldCat) Other Databases (Google Scholar) Online Stores (Bookfinder.com) Open Library (openlibrary.org)

Exporting to Dublin Core...

SOUTHVILLE LIBRARY

Southville International School and Colleges Library

1281 Tropical Ave. Cor. Luxembourg St., BF Homes International, Las Pinas City

Tel. No. 8256374 / 252358 Loc. 117/146

Powered by Koha